01015nam a22002537a 450000500170000001000150001702000260003203500130005803700130007108200160008410000240010024500900012426000400021427000760025430000250033050000500035550500750040565000380048065000380051865000310055694200290058799900170061695201280063320130814122722.0 aENG-108098 c995.00a9788132109464 aEN-91631 bDBAD/PUB a 344.540356 aRamakrishnan, Nitya aIn custody :cby Nitya Ramakrishnanblaw, impunity and prisoner abuse in South Asia / aNew DelhibSage Publications c2013 aB1/I-1 Mohan Cooperative Indusrial Area Mathura RoadbNew Delhie110044 axlix,451p.c23cm(Hb) aIncludes bibliographical references and index a India -- Pakistan -- Bangladesh -- Sri Lanka -- Nepal -- Afghanistan. aDetention of personszSouth Asia. aPrisonersx Abuse ofzSouth Asia. a Human rightszSouth Asia. 2ddccENmRAMh344.540356 c77782d77782 001040718NFICaDBADbDBADd2013-07-19eDBAD/PUBg995.00l0o344.540356 RAMpEN-91631r2013-07-19 00:00:00t1v995.00yEN